[Event "Cheliabinsk"]
[Site "Cheliabinsk"]
[Date "1991.??.??"]
[Round "?"]
[White "Enhbat, P."]
[Black "Savon, Vladimir A"]
[Result "0-1"]
[WhiteElo "2300"]
[BlackElo "2465"]
[PlyCount "84"]
[EventDate "1991.??.??"]
[EventType "tourn"]
[EventRounds "11"]
[EventCountry "URS"]
[EventCategory "7"]
[SourceTitle "CBM 025"]
[Source "ChessBase"]
[SourceDate "1991.12.01"]
[SourceVersion "1"]
[SourceVersionDate "1991.12.01"]
[SourceQuality "1"]

1. e4 c5 2. Nf3 d6 3. d4 cxd4 4. Nxd4 Nf6 5. Nc3 a6 6. Be2 e6 7. O-O Be7 8. Be3
Qc7 9. f4 Nbd7 10. Qe1 b5 11. Bf3 Bb7 12. Qg3 b4 13. Na4 Bxe4 14. f5 e5 15.
Bxe4 Nxe4 16. Qxg7 Bf6 17. Qg4 d5 18. Ne6 Qc6 19. c4 bxc3 20. Nxc3 h5 21. Ng7+
Ke7 22. Nxh5 Rag8 23. Qf3 Nxc3 24. Nxf6 Qxf6 25. bxc3 Qh4 26. f6+ Ke6 27. Rad1
Qxh2+ 28. Kf2 Nxf6 29. Ke1 Qg3+ 30. Rf2 Qxf3 31. gxf3 Rc8 32. Kd2 Rc4 33. Rb1
Rhc8 34. Rb3 d4 35. Rb6+ Kf5 36. Bh6 Rxc3 37. Ke1 Nd5 38. Rxa6 Nb4 39. Ra7 Nd3+
40. Kf1 Nxf2 41. Kxf2 Rc2+ 42. Kg3 Rg8+ 0-1

[Event "Cheliabinsk"]
[Site "Cheliabinsk"]
[Date "1991.??.??"]
[Round "?"]
[White "Maciejewski, Andrzej"]
[Black "Savon, Vladimir A"]
[Result "0-1"]
[WhiteElo "2435"]
[BlackElo "2465"]
[PlyCount "70"]
[EventDate "1991.??.??"]
[EventType "tourn"]
[EventRounds "11"]
[EventCountry "URS"]
[EventCategory "7"]
[SourceTitle "CBM 025"]
[Source "ChessBase"]
[SourceDate "1991.12.01"]
[SourceVersion "1"]
[SourceVersionDate "1991.12.01"]
[SourceQuality "1"]

1. e4 c5 2. c3 d5 3. exd5 Qxd5 4. d4 Nf6 5. Nf3 e6 6. Be2 cxd4 7. cxd4 Nc6 8.
O-O Be7 9. Bf4 O-O 10. Nc3 Qd8 11. a3 b6 12. Bd3 Bb7 13. Bc2 Ba6 14. Re1 Rc8
15. Rc1 Bc4 16. Ba4 Nd5 17. Bxc6 Rxc6 18. Ne5 Rc8 19. Nxd5 Bxd5 20. Qa4 Rxc1
21. Rxc1 Bg5 22. Nd3 Be4 23. Rd1 Bxf4 24. Nxf4 Qg5 25. g3 Qf5 26. Re1 g5 27.
Nh5 Bf3 28. Qb3 Bxh5 29. Re5 Qb1+ 30. Kg2 Bg6 31. Qf3 Qxb2 32. Rxg5 Qxd4 33. h4
Kh8 34. Kh2 f6 35. h5 Be4 0-1

[Event "Moscow4"]
[Site "Moscow"]
[Date "1991.??.??"]
[Round "?"]
[White "Savon, Vladimir A"]
[Black "Donchenko, Anatoly G"]
[Result "1-0"]
[WhiteElo "2465"]
[BlackElo "2360"]
[PlyCount "87"]
[EventDate "1991.??.??"]
[EventType "swiss"]
[EventRounds "9"]
[EventCountry "URS"]
[SourceTitle "TD"]
[Source "ChessBase"]
[SourceDate "1994.03.01"]
[SourceVersion "1"]
[SourceVersionDate "1994.03.01"]
[SourceQuality "1"]

1. e4 e5 2. Nf3 Nc6 3. Bb5 a6 4. Ba4 Nf6 5. O-O Be7 6. Re1 b5 7. Bb3 d6 8. c3
O-O 9. d4 Bg4 10. Be3 Na5 11. dxe5 Bxf3 12. Qxf3 dxe5 13. Bc2 Nc4 14. Bc1 Qc8
15. b3 Nd6 16. Nd2 b4 17. Bb2 bxc3 18. Qxc3 Nd7 19. a4 Qb7 20. Bd3 Rfb8 21.
Rab1 Ne8 22. Qc2 Bb4 23. Rec1 Bxd2 24. Qxd2 Nd6 25. Ba3 a5 26. Bxd6 cxd6 27.
Bb5 Nc5 28. Qxd6 Nxe4 29. Qxe5 Rc8 30. Rxc8+ Rxc8 31. Re1 Nf6 32. Bc4 Qb6 33.
Qe7 Rf8 34. Rd1 h6 35. h3 Nh5 36. Rd6 Qc5 37. Rd7 Qxe7 38. Rxe7 Nf4 39. Ra7 g5
40. Rxa5 Rd8 41. Rf5 Rd1+ 42. Kh2 Kg7 43. Rxf7+ Kg6 44. g3 1-0

[Event "Moscow6"]
[Site "Moscow"]
[Date "1991.??.??"]
[Round "?"]
[White "Savon, Vladimir A"]
[Black "Aghamaliyev, Cemil"]
[Result "1-0"]
[WhiteElo "2460"]
[BlackElo "2305"]
[PlyCount "98"]
[EventDate "1991.??.??"]
[EventType "swiss"]
[EventRounds "9"]
[EventCountry "URS"]
[SourceTitle "TD"]
[Source "ChessBase"]
[SourceDate "1994.03.01"]
[SourceVersion "1"]
[SourceVersionDate "1994.03.01"]
[SourceQuality "1"]

1. e4 c5 2. Nf3 Nc6 3. d4 cxd4 4. Nxd4 Nf6 5. Nc3 e5 6. Ndb5 d6 7. Bg5 a6 8.
Na3 b5 9. Bxf6 gxf6 10. Nd5 Bg7 11. g3 f5 12. exf5 Bxf5 13. Bg2 Rc8 14. c3 Ne7
15. Nc2 Nxd5 16. Bxd5 O-O 17. O-O Rc5 18. Ne3 Be6 19. a4 Qb6 20. axb5 axb5 21.
Qd3 Bxd5 22. Nxd5 Qb7 23. Rfd1 f5 24. Nb4 Rf6 25. Ra6 Bf8 26. Rc6 Qf7 27. Rxc5
dxc5 28. Nd5 Rd6 29. b3 e4 30. Qd2 Qh5 31. c4 Qf3 32. Ra1 h6 33. Ra8 Qd3 34.
Qf4 Qd1+ 35. Kg2 Rxd5 36. cxd5 Qxd5 37. Re8 Qf7 38. Qe5 Qh5 39. Qd5+ Kg7 40.
Re5 Qf3+ 41. Kg1 Kg6 42. Re6+ Kg5 43. h4+ Kg4 44. Rf6 Kh3 45. Qxf5+ Qxf5 46.
Rxf5 Bd6 47. Rd5 Bf8 48. Re5 b4 49. Rxe4 Bg7 1-0

[Event "Borovo"]
[Site "Borovo"]
[Date "1991.??.??"]
[Round "1"]
[White "Savon, Vladimir A"]
[Black "Manca, Federico"]
[Result "1-0"]
[WhiteElo "2465"]
[BlackElo "2420"]
[PlyCount "63"]
[EventDate "1991.02.??"]
[EventType "tourn"]
[EventRounds "9"]
[EventCountry "YUG"]
[EventCategory "7"]
[SourceTitle "CBM 023 Extra"]
[Source "ChessBase"]
[SourceDate "1991.09.01"]
[SourceVersion "1"]
[SourceVersionDate "1991.09.01"]
[SourceQuality "1"]

1. e4 d6 2. d4 Nf6 3. Nc3 g6 4. Nf3 Bg7 5. Be2 O-O 6. O-O Bg4 7. Be3 Nc6 8. d5
Bxf3 9. Bxf3 Ne5 10. Be2 c6 11. a4 Qa5 12. Ra3 Rfc8 13. Rb3 Qc7 14. Qd2 cxd5
15. exd5 Nfd7 16. Bd4 Nb6 17. Re1 Qd7 18. Qd1 h5 19. Rb4 Qf5 20. a5 Nbd7 21.
Rxb7 Nc5 22. Rb4 Rab8 23. Na2 Ne4 24. f3 Ng5 25. Bf2 Rxb4 26. Nxb4 Nc4 27. Nc6
Nxb2 28. Nxe7+ Kh7 29. Nxf5 Nxd1 30. Nxd6 Rd8 31. Rxd1 Rxd6 32. h4 1-0

[Event "Borovo"]
[Site "Borovo"]
[Date "1991.??.??"]
[Round "9"]
[White "Joksic, Sinisa"]
[Black "Savon, Vladimir A"]
[Result "0-1"]
[WhiteElo "2345"]
[BlackElo "2465"]
[PlyCount "78"]
[EventDate "1991.02.??"]
[EventType "tourn"]
[EventRounds "9"]
[EventCountry "YUG"]
[EventCategory "7"]
[SourceTitle "CBM 023 Extra"]
[Source "ChessBase"]
[SourceDate "1991.09.01"]
[SourceVersion "1"]
[SourceVersionDate "1991.09.01"]
[SourceQuality "1"]

1. d4 Nf6 2. Nf3 d6 3. g3 Nbd7 4. Bg2 e5 5. O-O Be7 6. c4 O-O 7. Nc3 c6 8. Qc2
Re8 9. Rd1 Bf8 10. e4 a6 11. a4 a5 12. h3 exd4 13. Nxd4 Nc5 14. Be3 Qc7 15. Rd2
g6 16. Rad1 Nfd7 17. Kh2 Qd8 18. f4 Qe7 19. Bf2 Nf6 20. Re2 Qc7 21. Red2 h5 22.
Ndb5 cxb5 23. Nxb5 Qb8 24. Nxd6 Bxd6 25. Rxd6 Bxh3 26. Bxh3 Ncxe4 27. R6d4 h4
28. Kg2 hxg3 29. Bxg3 Nxg3 30. Kxg3 Re3+ 31. Kh2 Qe8 32. R1d2 Kg7 33. Rg2 Qc6
34. Rd3 Rae8 35. Qd2 Rxd3 36. Qxd3 Re4 37. f5 Qc7+ 38. Kg1 Qf4 39. Qg3 Nh5 0-1

[Event "Podolsk"]
[Site "Podolsk"]
[Date "1991.??.??"]
[Round "?"]
[White "Poldauf, Dirk"]
[Black "Savon, Vladimir A"]
[Result "0-1"]
[WhiteElo "2385"]
[BlackElo "2460"]
[PlyCount "96"]
[EventDate "1991.10.??"]
[EventType "tourn"]
[EventRounds "11"]
[EventCountry "URS"]
[EventCategory "8"]
[SourceTitle "CBM 026 Extra"]
[Source "ChessBase"]
[SourceDate "1992.03.01"]
[SourceVersion "1"]
[SourceVersionDate "1992.03.01"]
[SourceQuality "1"]

1. c4 e5 2. Nc3 Nf6 3. Nf3 Nc6 4. g3 d5 5. cxd5 Nxd5 6. Bg2 Nb6 7. O-O Be7 8.
d3 O-O 9. Be3 Re8 10. Qc1 Bf8 11. Ne4 Nd4 12. Re1 a5 13. Nc5 a4 14. b4 axb3 15.
Nxb3 Ba3 16. Qb1 c5 17. Bc1 Bb4 18. Bd2 Bxd2 19. Nfxd2 Na4 20. e3 Ne6 21. Qc2
Ra7 22. Rad1 b5 23. Ne4 Bb7 24. f4 f5 25. Nf2 Bxg2 26. Kxg2 b4 27. fxe5 Nc3 28.
Ra1 Qd5+ 29. Kf1 Ng5 30. Nd2 Rea8 31. Qb3 Qxb3 32. Nxb3 Rxa2 33. Rxa2 Rxa2 34.
Ra1 Ra3 35. Rxa3 bxa3 36. Nxc5 a2 37. Nb3 Nf3 38. Na1 Nxh2+ 39. Kg2 Ng4 40.
Nxg4 fxg4 41. Kf2 h5 42. e4 g5 43. Ke3 h4 44. gxh4 gxh4 45. Kf4 h3 46. Kg3 Kf7
47. Nc2 Ne2+ 48. Kh2 Nd4 0-1

[Event "Podolsk"]
[Site "Podolsk"]
[Date "1991.??.??"]
[Round "?"]
[White "Terterians, Vladimir"]
[Black "Savon, Vladimir A"]
[Result "0-1"]
[WhiteElo "2395"]
[BlackElo "2460"]
[PlyCount "58"]
[EventDate "1991.10.??"]
[EventType "tourn"]
[EventRounds "11"]
[EventCountry "URS"]
[EventCategory "8"]
[SourceTitle "CBM 026 Extra"]
[Source "ChessBase"]
[SourceDate "1992.03.01"]
[SourceVersion "1"]
[SourceVersionDate "1992.03.01"]
[SourceQuality "1"]

1. d4 d5 2. c4 dxc4 3. Nc3 e5 4. d5 Nf6 5. e4 c6 6. Bxc4 Bb4 7. Qb3 Qe7 8. Bg5
Bxc3+ 9. bxc3 Nbd7 10. d6 Qxd6 11. Bxf7+ Kf8 12. Rd1 Qe7 13. Bc4 Nc5 14. Qb4 b5
15. Bd3 Nxd3+ 16. Rxd3 Qxb4 17. cxb4 Be6 18. Rd6 Ke7 19. Rxc6 Rhc8 20. Rxc8
Rxc8 21. Kd2 Rc4 22. a3 Rd4+ 23. Kc2 Rxe4 24. Be3 Nd5 25. Kd2 Nxe3 26. fxe3 Rg4
27. Ne2 Rxg2 28. Rg1 Rxh2 29. Rxg7+ Kf6 0-1

[Event "Alushta"]
[Site "Alushta"]
[Date "1992.??.??"]
[Round "1"]
[White "Milov, Leonid"]
[Black "Savon, Vladimir A"]
[Result "0-1"]
[WhiteElo "2400"]
[BlackElo "2420"]
[PlyCount "88"]
[EventDate "1992.??.??"]
[EventType "tourn"]
[EventRounds "10"]
[EventCountry "UKR"]
[EventCategory "8"]
[SourceTitle "EXT 1997"]
[Source "ChessBase"]
[SourceDate "1996.11.15"]
[SourceVersion "1"]
[SourceVersionDate "1996.11.15"]
[SourceQuality "1"]

1. e4 c5 2. Nf3 d6 3. d4 cxd4 4. Nxd4 Nf6 5. Nc3 a6 6. Bg5 e6 7. Qf3 h6 8. Bh4
Be7 9. O-O-O Qc7 10. Bd3 Nbd7 11. Qe2 b5 12. f4 b4 13. Nd5 exd5 14. Nf5 Nc5 15.
Nxe7 Qxe7 16. Rhe1 dxe4 17. Bxe4 Ncxe4 18. Bxf6 gxf6 19. Qxe4 Qxe4 20. Rxe4+
Kd7 21. Rxb4 Rd8 22. Rd5 Ke7 23. Re4+ Kf8 24. Red4 Bb7 25. Rxd6 Rxd6 26. Rxd6
Ke7 27. Rd2 f5 28. c4 h5 29. Kc2 h4 30. Kc3 Rg8 31. Kb4 Bxg2 32. Kc3 Be4 33. b4
Rg1 34. a4 Rf1 35. b5 axb5 36. axb5 Rxf4 37. c5 Rf1 38. c6 Rc1+ 39. Kb4 f4 40.
Ka5 f3 41. Kb6 Ke6 42. c7 Ke5 43. Rd1 Rc3 44. Rd2 Kf4 0-1

[Event "Orel"]
[Site "Orel"]
[Date "1992.??.??"]
[Round "?"]
[White "Savon, Vladimir A"]
[Black "Guliev, Sarhan"]
[Result "1-0"]
[WhiteElo "2420"]
[BlackElo "2470"]
[PlyCount "69"]
[EventDate "1992.??.??"]
[EventType "tourn"]
[EventRounds "11"]
[EventCountry "RUS"]
[EventCategory "8"]
[SourceTitle "EXT 1997"]
[Source "ChessBase"]
[SourceDate "1996.11.15"]
[SourceVersion "1"]
[SourceVersionDate "1996.11.15"]
[SourceQuality "1"]

1. e4 c6 2. d4 d5 3. e5 Bf5 4. Nf3 e6 5. Be2 Nd7 6. O-O h6 7. b3 Ne7 8. c4 Ng6
9. Be3 Bb4 10. a3 Be7 11. Nc3 Nh4 12. Nxh4 Bxh4 13. g4 Bh7 14. f4 f6 15. f5
exf5 16. e6 Nb6 17. gxf5 Bg5 18. Qd3 O-O 19. Bf2 Bf4 20. Bg3 Bxg3 21. hxg3 Nc8
22. Bh5 Ne7 23. g4 Kh8 24. Qe3 Rb8 25. Qf4 dxc4 26. bxc4 b5 27. cxb5 cxb5 28.
Rab1 a6 29. Rfd1 Rc8 30. Ne4 Qd5 31. Rb2 g6 32. fxg6 Nxg6 33. Bxg6 Bxg6 34.
Qxh6+ Bh7 35. Nxf6 1-0

[Event "Orel"]
[Site "Orel"]
[Date "1992.??.??"]
[Round "?"]
[White "Zaitsev, Igor A"]
[Black "Savon, Vladimir A"]
[Result "0-1"]
[WhiteElo "2445"]
[BlackElo "2420"]
[PlyCount "59"]
[EventDate "1992.??.??"]
[EventType "tourn"]
[EventRounds "11"]
[EventCountry "RUS"]
[EventCategory "8"]
[SourceTitle "EXT 1997"]
[Source "ChessBase"]
[SourceDate "1996.11.15"]
[SourceVersion "1"]
[SourceVersionDate "1996.11.15"]
[SourceQuality "1"]

1. e4 c5 2. Nf3 d6 3. d4 cxd4 4. Nxd4 Nf6 5. Nc3 a6 6. Bg5 e6 7. Qf3 h6 8. Be3
e5 9. Nb3 Be6 10. Be2 Nbd7 11. g3 Rc8 12. Qg2 b5 13. a3 Be7 14. Rd1 Nb6 15. Na5
Bc4 16. f4 Bxe2 17. Qxe2 exf4 18. gxf4 Nc4 19. e5 O-O 20. Nb7 Qd7 21. exf6 Bxf6
22. Nd5 Bh4+ 23. Kf1 Qh3+ 24. Kg1 Rce8 25. Rd3 Re6 26. Bd4 Rg6+ 27. Rg3 Bxg3
28. Ne7+ Kh7 29. Nxg6 fxg6 30. Qe7 0-1

[Event "Pila"]
[Site "Pila"]
[Date "1992.??.??"]
[Round "9"]
[White "Savon, Vladimir A"]
[Black "Konopka, Michal"]
[Result "1-0"]
[WhiteElo "2440"]
[BlackElo "2360"]
[PlyCount "122"]
[EventDate "1992.??.??"]
[EventType "tourn"]
[EventRounds "11"]
[EventCountry "CSR"]
[EventCategory "6"]
[SourceTitle "EXT 1997"]
[Source "ChessBase"]
[SourceDate "1996.11.15"]
[SourceVersion "1"]
[SourceVersionDate "1996.11.15"]
[SourceQuality "1"]

1. c4 Nf6 2. Nf3 g6 3. Nc3 d5 4. cxd5 Nxd5 5. Qa4+ Bd7 6. Qb3 Nb6 7. d4 Bg7 8.
Bg5 O-O 9. Rd1 a5 10. e3 c6 11. Qc2 Na6 12. Be2 Nc7 13. O-O Ne6 14. Bh4 Be8 15.
Qb3 a4 16. Qb4 f6 17. Bg3 Bh6 18. Rfe1 Bf7 19. e4 Nf4 20. Bf1 Re8 21. b3 axb3
22. axb3 Qc7 23. d5 c5 24. Nb5 Qc8 25. Qc3 Rd8 26. Nd2 Ra2 27. Nc4 Nxc4 28.
bxc4 Nh5 29. e5 Nxg3 30. Qxg3 fxe5 31. Rxe5 Rd7 32. Rde1 Qd8 33. h4 Bg7 34.
R5e4 Bf6 35. h5 Kh8 36. hxg6 Bxg6 37. R4e3 Qa5 38. Qf4 Qd8 39. Bd3 Bxd3 40.
Rxd3 Qa5 41. Rde3 Ra1 42. Rxa1 Qxa1+ 43. Kh2 Rd8 44. Nc7 Rg8 45. Ne6 b6 46. g3
Qd1 47. Kg2 b5 48. Qe4 Rg4 49. Qf5 Rg8 50. Nxc5 bxc4 51. Ne4 Qd4 52. d6 c3 53.
Nxf6 Qxf6 54. Qxf6+ exf6 55. Rxc3 Rd8 56. Rd3 Kg7 57. Kf3 Kf7 58. Kg4 Ke6 59.
Kh5 Rd7 60. Kh6 Ke5 61. f3 Kf5 1-0

[Event "Simferopol/Alushta"]
[Site "Alushta"]
[Date "1992.??.??"]
[Round "?"]
[White "Yilmaz, Turhan"]
[Black "Savon, Vladimir A"]
[Result "0-1"]
[WhiteElo "2385"]
[BlackElo "2420"]
[PlyCount "78"]
[EventDate "1992.??.??"]
[EventType "tourn"]
[EventRounds "9"]
[EventCountry "UKR"]
[EventCategory "10"]
[SourceTitle "EXT 1997"]
[Source "ChessBase"]
[SourceDate "1996.11.15"]
[SourceVersion "1"]
[SourceVersionDate "1996.11.15"]
[SourceQuality "1"]

1. e4 c5 2. Nf3 d6 3. d4 cxd4 4. Nxd4 Nf6 5. Nc3 a6 6. f4 e5 7. Nf3 Nbd7 8. Bc4
b5 9. Bb3 Be7 10. O-O O-O 11. Kh1 Bb7 12. Qe1 Nc5 13. fxe5 dxe5 14. Nxe5 Nxb3
15. cxb3 b4 16. Na4 Nxe4 17. Nc4 Bh4 18. Qxb4 Rb8 19. Qa5 Qd3 20. Qf5 g6 21.
Qf4 Bg3 22. Ne5 Nf2+ 23. Qxf2 Bxe5 24. Nc5 Qh3 25. Qg1 Ba8 26. Be3 Bxh2 27.
Qxh2 Bxg2+ 28. Kg1 Bxf1 29. Bf4 Rbc8 30. b4 Qxh2+ 31. Bxh2 Be2 32. Rc1 Rfe8 33.
Rc2 Rc6 34. Bg3 Rf6 35. Kg2 Rf5 36. a4 Re3 37. Rc3 Bf3+ 38. Kg1 Re2 39. Rd3
Rg2+ 0-1

[Event "Bled op 13th"]
[Site "Bled"]
[Date "1992.??.??"]
[Round "3"]
[White "Savon, Vladimir A"]
[Black "Mencinger, Vojko"]
[Result "1-0"]
[WhiteElo "2440"]
[BlackElo "2365"]
[PlyCount "59"]
[EventDate "1992.03.??"]
[EventType "swiss"]
[EventRounds "9"]
[EventCountry "SLO"]
[SourceTitle "CBM 029"]
[Source "ChessBase"]
[SourceDate "1992.08.01"]
[SourceVersion "1"]
[SourceVersionDate "1992.08.01"]
[SourceQuality "1"]

1. e4 c5 2. Nf3 Nc6 3. d4 cxd4 4. Nxd4 Nf6 5. Nc3 e5 6. Ndb5 d6 7. Bg5 a6 8.
Na3 b5 9. Bxf6 gxf6 10. Nd5 Bg7 11. g3 f5 12. exf5 Bxf5 13. Bg2 Rc8 14. c3 Ne7
15. Nc2 Nxd5 16. Bxd5 O-O 17. Ne3 Be6 18. a4 b4 19. cxb4 Qb6 20. Qb3 Bh3 21. g4
h5 22. Rg1 Bh6 23. Nf5 Bd2+ 24. Ke2 Bxb4 25. Rg3 Bxg4+ 26. Rxg4+ hxg4 27. Rg1
Rfd8 28. Rxg4+ Kf8 29. Rg8+ Kxg8 30. Qg3+ 1-0

[Event "Bled op 13th"]
[Site "Bled"]
[Date "1992.??.??"]
[Round "6"]
[White "Kljako, Damir"]
[Black "Savon, Vladimir A"]
[Result "0-1"]
[WhiteElo "2335"]
[BlackElo "2440"]
[PlyCount "106"]
[EventDate "1992.03.??"]
[EventType "swiss"]
[EventRounds "9"]
[EventCountry "SLO"]
[SourceTitle "CBM 029"]
[Source "ChessBase"]
[SourceDate "1992.08.01"]
[SourceVersion "1"]
[SourceVersionDate "1992.08.01"]
[SourceQuality "1"]

1. d4 Nf6 2. Nf3 b6 3. Bg5 Bb7 4. Nbd2 e6 5. e3 d6 6. h3 Nbd7 7. a4 h6 8. Bf4
a6 9. c3 g6 10. Bh2 Bg7 11. Be2 O-O 12. O-O Qe7 13. Nc4 Ne4 14. Nfd2 Nxd2 15.
Nxd2 e5 16. Bf3 e4 17. Be2 Kh8 18. Qc2 f5 19. Rae1 Nf6 20. a5 b5 21. Qb3 c5 22.
Rd1 cxd4 23. cxd4 Nd5 24. Rc1 Rad8 25. Rfe1 f4 26. Bf1 fxe3 27. fxe3 h5 28. Kh1
Bh6 29. Bg1 Rf7 30. Nb1 Rdf8 31. Be2 Qh4 32. Rf1 Rxf1 33. Bxf1 Qg3 34. Bh2 Qxe3
35. Qxe3 Bxe3 36. Re1 Bf4 37. g3 Bh6 38. Bg2 Ne3 39. Nc3 Nxg2 40. Kxg2 e3+ 41.
d5 Rf2+ 42. Kg1 Rxb2 43. g4 b4 44. Ne2 Bxd5 45. Bxd6 Kh7 46. Be5 Rd2 47. Bf6
hxg4 48. hxg4 Bf3 49. g5 Rxe2 50. Rxe2 Bxe2 51. gxh6 b3 52. Bg7 Bf3 53. Kf1 g5
0-1

[Event "Moscow Alekhine op"]
[Site "Moscow"]
[Date "1992.??.??"]
[Round "?"]
[White "Savon, Vladimir A"]
[Black "Magerramov, Elmar S"]
[Result "1-0"]
[WhiteElo "2420"]
[BlackElo "2565"]
[PlyCount "105"]
[EventDate "1992.10.??"]
[EventType "swiss"]
[EventRounds "9"]
[EventCountry "RUS"]
[SourceTitle "CBM 033"]
[Source "ChessBase"]
[SourceDate "1993.04.01"]
[SourceVersion "1"]
[SourceVersionDate "1993.04.01"]
[SourceQuality "1"]

1. c4 Nf6 2. Nc3 e6 3. Nf3 d5 4. cxd5 exd5 5. d4 c6 6. Bg5 Bf5 7. Qb3 Nbd7 8.
e4 Bxe4 9. Nxe4 dxe4 10. Ne5 Qe7 11. Qxb7 Qb4+ 12. Qxb4 Bxb4+ 13. Ke2 Nxe5 14.
dxe5 Ng4 15. Bf4 Bc5 16. Rc1 Bd4 17. Rc4 c5 18. f3 g5 19. Bxg5 exf3+ 20. gxf3
Nxe5 21. Ra4 Rg8 22. f4 Rb8 23. b3 Nc6 24. Bg2 Ne7 25. Be4 f6 26. Bh4 Rb6 27.
Kf3 f5 28. Bd3 Re6 29. Re1 Rxe1 30. Bxe1 Rg1 31. Bg3 Rc1 32. Rxa7 Rc3 33. Ke2
Nd5 34. Rxh7 Nb4 35. Bxf5 Nxa2 36. Bd7+ Kf8 37. f5 Nc1+ 38. Kf1 Nxb3 39. Be6
Nd2+ 40. Ke2 Ne4 41. Bh4 Re3+ 42. Kd1 Rd3+ 43. Ke2 Re3+ 44. Kf1 c4 45. Rf7+ Ke8
46. Rc7 Bf6 47. Bxf6 Nxf6 48. Rxc4 Ra3 49. h4 Kf8 50. Rc7 Ng4 51. Kg2 Rd3 52.
h5 Ra3 53. f6 1-0

[Event "Moscow Alekhine op"]
[Site "Moscow"]
[Date "1992.??.??"]
[Round "?"]
[White "Tseshkovsky, Vitaly"]
[Black "Savon, Vladimir A"]
[Result "0-1"]
[WhiteElo "2510"]
[BlackElo "2420"]
[PlyCount "122"]
[EventDate "1992.10.??"]
[EventType "swiss"]
[EventRounds "9"]
[EventCountry "RUS"]
[SourceTitle "CBM 033"]
[Source "ChessBase"]
[SourceDate "1993.04.01"]
[SourceVersion "1"]
[SourceVersionDate "1993.04.01"]
[SourceQuality "1"]

1. e4 e5 2. Nf3 Nc6 3. Bb5 a6 4. Ba4 Nf6 5. O-O Be7 6. Re1 b5 7. Bb3 d6 8. c3
O-O 9. d3 Na5 10. Bc2 c5 11. Nbd2 Nc6 12. Nf1 h6 13. h3 Qc7 14. Ne3 Be6 15. Bb3
Rfe8 16. Nh2 Rad8 17. Qf3 Na5 18. Bc2 d5 19. exd5 Nxd5 20. Nxd5 Bxd5 21. Qg3 h5
22. Qxe5 Bd6 23. Qxe8+ Rxe8 24. Rxe8+ Kh7 25. f4 g6 26. Re2 Bxf4 27. Bxf4 Qxf4
28. Rf1 Qd6 29. Nf3 Nc6 30. Ng5+ Kg7 31. Bb3 c4 32. dxc4 bxc4 33. Bc2 Ne5 34.
Be4 f6 35. Nf3 Bxe4 36. Rxe4 Qb6+ 37. Kh1 Qxb2 38. Nxe5 fxe5 39. Rxc4 Qxa2 40.
Re4 Qc2 41. Rxe5 Qxc3 42. Re7+ Kh6 43. Re6 a5 44. Rf3 Qc1+ 45. Kh2 Qc7+ 46. Kg1
a4 47. Ree3 Qc5 48. Kh2 Qd6+ 49. Kg1 Qd4 50. Kf1 Qd1+ 51. Kf2 Qd4 52. g3 a3 53.
Rf4 Qb2+ 54. Kf3 a2 55. Re1 a1=Q 56. Rxa1 Qxa1 57. Kg2 g5 58. Rf2 Qa4 59. Rf3
Qe4 60. Kf2 Kg6 61. Rf8 Qb1 0-1

[Event "Nikolaev zt"]
[Site "Nikolaev"]
[Date "1993.??.??"]
[Round "?"]
[White "Bologan, Viktor"]
[Black "Savon, Vladimir A"]
[Result "0-1"]
[WhiteElo "2520"]
[BlackElo "2415"]
[PlyCount "96"]
[EventDate "1993.03.??"]
[EventType "swiss"]
[EventRounds "11"]
[EventCountry "RUS"]
[SourceTitle "CBM 035"]
[Source "ChessBase"]
[SourceDate "1993.08.01"]
[SourceVersion "1"]
[SourceVersionDate "1993.08.01"]
[SourceQuality "1"]

1. e4 e5 2. Nf3 Nc6 3. Bc4 Nf6 4. d3 Be7 5. O-O O-O 6. Re1 d6 7. c3 Na5 8. Bb5
a6 9. Ba4 b5 10. Bc2 c5 11. Nbd2 Nc6 12. Nf1 Nd7 13. Ne3 Nb6 14. d4 cxd4 15.
cxd4 Bf6 16. d5 Nd4 17. Nxd4 exd4 18. Nf1 Na4 19. Bxa4 bxa4 20. Qxa4 Rb8 21.
Qa3 g5 22. Nd2 Be5 23. Nf3 f6 24. Qd3 Qb6 25. b3 g4 26. Nd2 Qb4 27. Bb2 f5 28.
Rad1 Bd7 29. exf5 Bxf5 30. Ne4 Rb5 31. f3 Rxd5 32. fxg4 Bxg4 33. Rc1 Qb5 34.
Rc4 Bf5 35. Rf1 Qe8 36. Rxf5 Rxf5 37. g3 Rf8 38. Rc7 Qg6 39. h4 Bf4 40. h5 Rxh5
41. Qxd4 Be5 42. Qc4+ Kh8 43. Rc8 Rhf5 44. Bxe5+ dxe5 45. Rxf8+ Rxf8 46. Qc5
Qf5 47. Qe3 Qf1+ 48. Kh2 Rf5 0-1